| 000 | 00782nam a22002057a 4500 | ||
|---|---|---|---|
| 008 | 090708t xxu||||| |||| 00| 0 eng d | ||
| 020 | _a9780194375740 | ||
| 020 | _a0194375749 | ||
| 082 |
_bPAI _a371.30281 |
||
| 100 | 1 |
_aPainter, Lesley. _97755 |
|
| 245 |
_aHomework / _cLesley Painter. |
||
| 260 |
_aOxford : _bOxford University Press, _cc2004. |
||
| 300 |
_axiv, 146 p. : _bill ; _c25 cm. |
||
| 490 | 0 | _aResource books for teachers ; | |
| 504 | _aIncludes bibliographical references and index. | ||
| 650 | 0 |
_aHomework. _97756 |
|
| 650 | 0 |
_aEnglish language _xStudy and teaching _xForeign speakers. _97757 |
|
| 942 |
_2ddc _cBB |
||
| 999 |
_c12253 _d12253 |
||